000 01141nam a22003017a 4500
001 9585
003 FISKH
005 20260123161150.0
008 260123b cb ||||| |||| 00| 0 eng d
020 _a9781421592695
040 _aFISKH
_beng
_cFISKH
_dFISKH
050 _aPN6790 .J33 .O2413
082 _a741.5
100 _aOda, Eiichiro
_eAuthor
245 _aOne piece :
_bThe world is restless /
_cStory and art by Eiichiro Oda
260 _aTokyo :
_bShueisha Inc. ,
_c1997
300 _a216 pages :
_billustrations ;
_c19 cm
490 _aOne piece :
_v82
505 _aR
520 _aAs a child, Monkey D. Luffy dreamed of becoming King of the Pirates. But his life changed when he accidentally gained the power to stretch like rubber...at the cost of never being able to swim again! Years later, Luffy sets off in search of the "One Piece," said to be the greatest treasure in the world...
521 8 _a700
_bLexile estimate
521 8 _aR
_bRaz-Plus
650 _aAction
_vAdventure
650 _aSocial criticism
_vSpeculative
700 _aOda, Eiichiro
_eIllustrator
942 _2ddc
_cBK
_n0
999 _c9585
_d9585